Responses for Show #7559 - Thursday, June 22, 2017

Contestants

[<< previous game]

Daniel Esch, an editor and writer from San Bruno, California

Natasha Baker-Bradley, an appellate attorney from Miami, Florida

Lisa Evans, an office manager from Easthampton, Massachusetts (whose 1-day cash winnings total $34,401)

[next game >>]

Jeopardy! Round responses

LANGUAGES OF EUROPE
QUESTIONING MOVIE TITLES
A CHEESY CATEGORY
GUN TALK
RECENT HISTORY & BIOGRAPHY
LOW TECH
    $200 26
Latin

Natasha
    $200 21
Roger Rabbit

Natasha
    $200 6
Swiss

Lisa
    $200 8
bite the bullet

Daniel
    $200 1
William Shatner

Lisa
    $200 15
a loom

Natasha
    $400 27
Spain

Daniel
    $400 22
Gilbert Grape

Lisa
    $400 7
fondue

Daniel
    $400 9
jumping the gun

Daniel
    $400 2
the Vikings

Lisa
    $400 17
a wheelbarrow race

Lisa
    $600 28
Gaelic

Lisa
    $600 23
Baby Jane

Daniel
    $600 13
Gorgonzola

Lisa
    $600 10
a loose cannon

Natasha
    $600 3
Hidden Figures

Lisa
    $600 18
hook and loop (or hook and eye)

Daniel
    $800 29
(Daniel: What is Haiti?)
(Lisa: What is Andorra?)
...
[The end-of-round signal sounds.]

Monaco

LisaDaniel
Triple Stumper
    $800 24
(Alex: Less than a minute now.)

girl

Lisa
    $800 14
Gouda

Daniel
    $800 11
half-cocked

Lisa
    $800 4
a serial killer

Natasha
    $800 19
a mortar and pestle

Natasha
    $1000 25
Bob

Daniel
    $1000 16
mascarpone

Daniel
    $1,200 12
flash in a pan

Lisa
    $1000 5
Lara

Lisa
    $1000 20
(Daniel: What are turbines?)
(Lisa: What are water wheels?)

windmills

LisaDaniel
Triple Stumper

Scores at the first commercial break (after clue 15):

Lisa Natasha Daniel
$5,000 $1,600 $1,800

Scores at the end of the Jeopardy! Round:

Lisa Natasha Daniel
$5,400 $2,800 $3,600

Double Jeopardy! Round responses

THE YOUNG POPE
1990s EMMYS
DISEASES NAMED AFTER PEOPLE
"W"ORDS
PLAYWRIGHTS
HIGH TEX.
    $400 22
Benedict

Lisa
    $400 15
Frasier Crane

Daniel
    $400 10
the inner ear

Lisa
    $400 7
a wattle

Daniel
    $400 2
Arthur Miller

Natasha
    $400 20
a cross

Lisa
    $800 23
a priest

Natasha
    $800 16
(Daniel: What is The Wire?)

The Sopranos

NatashaDaniel
    $800 11
Tourette's

Natasha
    $800 8
wicker

Daniel
    $800 21
George Bernard Shaw

Lisa
    $800 25
(Alex: With less than a minute to go.)

Yao Ming

Lisa
    $1200 24
the Holy Roman Empire

Daniel
    $1200 17
(Dana) Scully

Daniel
    $1200 12
hormones

Natasha
    $1200 9
(Lisa: What is Wheaties?)

waffle

LisaDaniel
    $1200 1
Tyler Perry

Lisa
    $1200 28
Six Flags

Lisa
    $1600 26
Octavian

Lisa
    $1600 18
Third Rock From the Sun

Lisa
    $2,500 13
(Natasha: What is mercury?)

copper

Natasha
    $3,500 5
(Natasha: I don't know.)

the wheelhouse

Natasha
    $1600 3
Wendy Wasserstein

Lisa
    $1600 29
[The end-of-round signal sounds.]

an oak

Lisa
    $2000 27
Innocent

Lisa
    $2000 19
Picket Fences

Daniel
    $2000 14
Crohn's disease

Daniel
    $2000 6
(Lisa: [whispers indistinctly])

woebegone

LisaDaniel
    $2000 4
(Samuel) Beckett

Natasha

Scores at the end of the Double Jeopardy! Round:

Lisa Natasha Daniel
$15,800 $2,800 $14,000

[wagering suggestions for these scores]

Final Jeopardy! Round responses

EUROPE 1962
(Alex: [To Lisa] Rudolf Abel was the Soviet spy that we traded to the Russians for [*].)
NatashaWho is JFK?
$1,000
DanielWho is —
$13,900
LisaWho was Francis Gary Powers?
$12,201
Francis Gary Powers

Final scores:

Lisa Natasha Daniel
$28,001 $1,800 $100
2-day champion: $62,402 2nd place: $2,000 3rd place: $1,000

Game dynamics:

Coryat scores:

Lisa Natasha Daniel
$15,600 $8,800 $14,000
24 R
(including 1 DD),
4 W
12 R,
2 W
(including 2 DDs)
18 R,
3 W

Combined Coryat: $38,400

[game clues] [game scores] [suggest correction]

Game tape date: Unknown
The J! Archive is created by fans, for fans. Scraping, republication, monetization, and malicious use prohibited; this site may use cookies and collect identifying information. See terms. The Jeopardy! game show and all elements thereof, including but not limited to copyright and trademark thereto, are the property of Jeopardy Productions, Inc. and are protected under law. This website is not affiliated with, sponsored by, or operated by Jeopardy Productions, Inc. Join the discussion at JBoard.tv.